[Event "Vung Tau zt 3.2a"]
[Site "Vung Tau"]
[Date "2000.05.25"]
[Round "5"]
[White "Bancod, Ronald"]
[Black "Wo, Dai D"]
[Result "0-1"]
[WhiteElo "2382"]
[BlackElo "2110"]
[EventDate "2000.05.21"]
[PlyCount "96"]

1.g3 d5 2.Bg2 c6 3.Nf3 Bg4 4.c4 e6 5.O-O Nd7 6.d3 Ngf6 7.Nc3 Bd6 8.b3 O-O 
9.Bb2 Re8 10.Qc2 a5 11.e4 dxc4 12.dxc4 Bxf3 13.Bxf3 e5 14.Rad1 Qe7 15.Ne2 
Ba3 16.Ba1 a4 17.Kg2 axb3 18.axb3 h6 19.h4 h5 20.Nc1 Bxc1 21.Rxc1 c5 22.
Bc3 Nb8 23.Rce1 Nc6 24.Bd1 Nb4 25.Qb1 Rad8 26.f3 Rd7 27.Re3 Red8 28.Be2 b6
29.Rd1 Rxd1 30.Bxd1 Nd7 31.Re2 Nb8 32.Rd2 N8c6 33.Rxd8+ Qxd8 34.Be2 Nd4 
35.Bxb4 cxb4 36.Qd3 Qa8 37.Bd1 Qa1 38.f4 Qc3 39.Qf1 Qd2+ 40.Kh3 exf4 41.
Bxh5 g6 42.Bd1 fxg3 43.Kxg3 Qe3+ 44.Kh2 Qxe4 45.Qf6 Nf5 46.Qd8+ Kg7 47.h5 
Qf4+ 48.Kg1 Ne3 0-1

[Event "Vung Tau zt 3.2a"]
[Site "Vung Tau"]
[Date "2000.05.25"]
[Round "5"]
[White "Barus, Cerdas"]
[Black "Tu, Hoang Thai"]
[Result "0-1"]
[WhiteElo "2445"]
[BlackElo "2269"]
[EventDate "2000.05.21"]
[PlyCount "68"]

1.d4 Nf6 2.c4 a6 3.Nc3 c5 4.d5 b5 5.Bg5 b4 6.Bxf6 exf6 7.Ne4 f5 8.Ng3 f4 
9.Ne4 f5 10.Nd2 Qf6 11.Qc2 g5 12.g3 fxg3 13.hxg3 Bg7 14.Rb1 d6 15.Ngf3 h6 
16.e3 O-O 17.Bd3 Nd7 18.Kf1 Ra7 19.Kg2 a5 20.a4 Nb6 21.b3 Re7 22.Rbf1 Nd7 
23.e4 g4 24.Nh4 Ne5 25.exf5 Nxd3 26.Qxd3 Qc3 27.Qxc3 bxc3 28.Ng6 Re2 29.
Nxf8 Kxf8 30.f6 Bxf6 31.Rxh6 cxd2 32.Rxf6+ Kg7 33.Rxd6 Re1 34.Rc6 Rxf1 0-1

[Event "Vung Tau zt 3.2a"]
[Site "Vung Tau"]
[Date "2000.05.25"]
[Round "5"]
[White "Dao, Thien Hai"]
[Black "Mascarinas, Rico"]
[Result "1/2-1/2"]
[WhiteElo "2550"]
[BlackElo "2415"]
[EventDate "2000.05.21"]
[PlyCount "41"]

1.d4 Nf6 2.c4 e6 3.Nc3 Bb4 4.Qc2 d5 5.cxd5 Qxd5 6.e3 c5 7.Bd2 Bxc3 8.bxc3 
O-O 9.Nf3 b6 10.Be2 Bb7 11.O-O Nbd7 12.a4 Rac8 13.Qb2 c4 14.Ne1 e5 15.f3 
e4 16.Qb5 Qe6 17.f4 a6 18.Qg5 Nd5 19.f5 Qe7 20.Qg3 b5 21.Nc2 1/2-1/2

[Event "Vung Tau zt 3.2a"]
[Site "Vung Tau"]
[Date "2000.05.25"]
[Round "5"]
[White "Jiravorasuk, Banjuab"]
[Black "Surendorj, Handsuren"]
[Result "0-1"]
[WhiteElo "2210"]
[BlackElo "2214"]
[EventDate "2000.05.21"]
[PlyCount "72"]

1.e4 c5 2.Nf3 d6 3.d4 cxd4 4.Nxd4 Nf6 5.Nc3 g6 6.Be3 Bg7 7.f3 O-O 8.Qd2 
Nc6 9.Bc4 Bd7 10.h4 Rc8 11.Bb3 h5 12.O-O-O Ne5 13.Rhe1 Nc4 14.Bxc4 Rxc4 
15.Kb1 b5 16.Ndxb5 Qb8 17.Nd4 Rfc8 18.Ka1 a5 19.Rc1 a4 20.Nd1 d5 21.Nf2 
dxe4 22.fxe4 Qb7 23.e5 Nd5 24.Nd3 Nxe3 25.Qxe3 Qd5 26.Nf3 Be6 27.b3 Rc3 
28.Qd4 Bh6 29.Rcd1 Rxc2 30.Qxd5 Bxd5 31.Nb4 Bxf3 32.gxf3 Rf2 33.Rd3 Bd2 
34.Nd5 Rc2 35.Rd1 a3 36.b4 Bf4 0-1

[Event "Vung Tau zt 3.2a"]
[Site "Vung Tau"]
[Date "2000.05.25"]
[Round "5"]
[White "Mok, Tze Meng"]
[Black "Bitoon, Richard"]
[Result "0-1"]
[WhiteElo "2270"]
[BlackElo "2436"]
[EventDate "2000.05.21"]
[PlyCount "110"]

1.e4 c5 2.Nf3 d6 3.g3 Nc6 4.Bg2 e5 5.O-O g6 6.d3 Bg7 7.Nc3 Nge7 8.a3 O-O 
9.Rb1 Nd4 10.h3 Be6 11.Ng5 Bd7 12.Kh2 h6 13.Nf3 f5 14.b4 Bc6 15.Nd2 f4 16.
g4 Kh8 17.Nf3 b6 18.Bb2 Ng8 19.Nd5 Nxf3+ 20.Bxf3 Rc8 21.c4 Qh4 22.Kg2 h5 
23.Rh1 Nh6 24.Kf1 Bd7 25.Ke2 Kh7 26.b5 Nf7 27.Qg1 Be6 28.Qg2 Ng5 29.Rbg1 
Bh6 30.Bc3 Rf7 31.Kd1 a6 32.a4 axb5 33.axb5 Bxd5 34.exd5 Ra8 35.gxh5 gxh5 
36.Kc2 Rg7 37.Kb3 Rga7 38.Bb2 Ra2 39.Ra1 Rxa1 40.Bxa1 Bg7 41.Bc3 Bf6 42.
Kb2 Kh6 43.Kb3 Ra7 44.Kb2 Rg7 45.Bd1 Nf7 46.Qf3 e4 47.dxe4 Bxc3+ 48.Kxc3 
Ne5 49.Qe2 Rg2 50.Rf1 Qxh3+ 51.Kc2 Kg7 52.Qd2 Qa3 53.Be2 f3 54.Bd3 h4 55.
Rh1 Rxf2 0-1

[Event "Vung Tau zt 3.2a"]
[Site "Vung Tau"]
[Date "2000.05.25"]
[Round "5"]
[White "Nolte, Rolando"]
[Black "Tran, Ngoc Thach"]
[Result "1/2-1/2"]
[WhiteElo "2365"]
[BlackElo "2248"]
[EventDate "2000.05.21"]
[PlyCount "61"]

1.e4 e5 2.Nf3 Nc6 3.Bb5 a6 4.Ba4 Nf6 5.O-O Nxe4 6.d4 b5 7.Bb3 d5 8.dxe5 
Be6 9.Nbd2 Nc5 10.c3 d4 11.Bxe6 Nxe6 12.cxd4 Qd5 13.a4 Rd8 14.axb5 axb5 
15.Nb3 Be7 16.Be3 f5 17.exf6 Bxf6 18.Qc2 O-O 19.Rfd1 Ra8 20.h3 Rfd8 21.
Rxa8 Rxa8 22.Nbd2 Ncxd4 23.Nxd4 Nxd4 24.Bxd4 Qxd4 25.Ne4 Qxb2 26.Nxf6+ 
Qxf6 27.Qb3+ Kh8 28.Qxb5 h6 29.Qb7 Rf8 30.Qxc7 Qxf2+ 31.Kh1 1/2-1/2

[Event "Vung Tau zt 3.2a"]
[Site "Vung Tau"]
[Date "2000.05.25"]
[Round "5"]
[White "Roca, Petronio"]
[Black "Antonio, Rogelio Jr"]
[Result "1-0"]
[WhiteElo "2362"]
[BlackElo "2551"]
[EventDate "2000.05.21"]
[PlyCount "85"]

1.Nf3 c5 2.c4 Nc6 3.Nc3 g6 4.g3 Bg7 5.Bg2 Nh6 6.e4 O-O 7.d3 d6 8.h3 f5 9.
Be3 Nd4 10.Ng5 e6 11.O-O Nf7 12.Nxf7 Rxf7 13.f4 a6 14.Ne2 Rb8 15.Nxd4 cxd4
16.Bd2 b5 17.cxb5 Rxb5 18.b4 Rb8 19.Qe2 Kh8 20.Rfc1 Rc7 21.Rxc7 Qxc7 22.
Rc1 Qd8 23.exf5 gxf5 24.Qh5 Bd7 25.Qf7 Rc8 26.Rxc8 Qxc8 27.g4 fxg4 28.hxg4
d5 29.g5 Bb5 30.Bh3 Bd7 31.Bg4 Qc6 32.Kf1 Qc8 33.Ke1 Qc6 34.a3 Qc8 35.a4 
Qc6 36.Ke2 Qc8 37.b5 axb5 38.a5 b4 39.a6 b3 40.a7 Bc6 41.Bxe6 Qf8 42.Qc7 
Ba8 43.Qb8 1-0

[Event "Vung Tau zt 3.2a"]
[Site "Vung Tau"]
[Date "2000.05.25"]
[Round "5"]
[White "Simanjuntak, Sebastian"]
[Black "Sharavdorj, Dashzeveg"]
[Result "1/2-1/2"]
[WhiteElo "2313"]
[BlackElo "2473"]
[EventDate "2000.05.21"]
[PlyCount "141"]

1.d4 Nf6 2.c4 g6 3.Nc3 Bg7 4.e4 d6 5.f3 O-O 6.Be3 c5 7.dxc5 dxc5 8.Qxd8 
Rxd8 9.Bxc5 Nc6 10.Nge2 b6 11.Ba3 Bb7 12.Rd1 e6 13.h3 a5 14.Nb5 Nb4 15.
Rxd8+ Rxd8 16.Bxb4 axb4 17.Nc1 Nh5 18.g4 Ng3 19.Rg1 Nxf1 20.Rxf1 Bxb2 21.
Ke2 Ra8 22.Ke3 Bc6 23.Nd3 Bxb5 24.cxb5 Bc3 25.Rb1 Ra4 26.Rb3 e5 27.Nc1 Ra8
28.Ne2 Be1 29.Nc1 Bc3 30.Ne2 Rxa2 31.Nxc3 bxc3 32.Rxc3 Rb2 33.Rc8+ Kg7 34.
g5 Rxb5 35.Re8 Rc5 36.Kf2 h6 37.h4 h5 38.Kg2 b5 39.Rb8 f5 40.Rb7+ Kf8 41.
Rb6 Rc2+ 42.Kg1 fxe4 43.Rxb5 exf3 44.Rxe5 Rg2+ 45.Kf1 Rg4 46.Kf2 Rxh4 47.
Kxf3 Rh1 48.Ra5 Re1 49.Ra8+ Kf7 50.Ra7+ Ke6 51.Kf4 Rf1+ 52.Ke4 Rf5 53.Ra6+
Kf7 54.Ra7+ Ke8 55.Ra8+ Kd7 56.Ra7+ Kd8 57.Rg7 Rxg5 58.Kf4 Rg4+ 59.Ke5 Ke8
60.Kf6 Kf8 61.Rh7 Kg8 62.Rg7+ Kh8 63.Ra7 Rg3 64.Rb7 h4 65.Rb4 h3 66.Kf7 
Rg5 67.Kf6 Rg3 68.Kf7 Rg5 69.Kf6 h2 70.Kxg5 h1=Q 71.Rh4+ 1/2-1/2

[Event "Vung Tau zt 3.2a"]
[Site "Vung Tau"]
[Date "2000.05.26"]
[Round "6"]
[White "Antonio, Rogelio Jr"]
[Black "Tu, Hoang Thai"]
[Result "1/2-1/2"]
[WhiteElo "2551"]
[BlackElo "2269"]
[EventDate "2000.05.21"]
[PlyCount "66"]

1.e4 c5 2.Nf3 a6 3.c4 d6 4.d4 Bg4 5.dxc5 Bxf3 6.gxf3 Qa5+ 7.Nc3 dxc5 8.Qb3
Nd7 9.Qxb7 Rb8 10.Qc6 e6 11.Qa4 Qb6 12.Bh3 Ne7 13.O-O Qc6 14.b3 g5 15.Bb2 
Bg7 16.Rad1 Bd4 17.Bg2 Ne5 18.Ba1 Qxa4 19.Nxa4 N7c6 20.Rd2 Ke7 21.Rfd1 
Rhd8 22.Nc3 f6 23.Kf1 Bxc3 24.Bxc3 Rxd2 25.Rxd2 Rd8 26.Rxd8 Kxd8 27.Ke2 
Ke7 28.Ke3 Ng6 29.a3 a5 30.Bf1 Nf4 31.Be2 e5 32.Bd1 Kd6 33.Kd2 h6 1/2-1/2

[Event "Vung Tau zt 3.2a"]
[Site "Vung Tau"]
[Date "2000.05.26"]
[Round "6"]
[White "Mascarinas, Rico"]
[Black "Roca, Petronio"]
[Result "1/2-1/2"]
[WhiteElo "2415"]
[BlackElo "2362"]
[EventDate "2000.05.21"]
[PlyCount "88"]

1.Nf3 Nf6 2.g3 d5 3.Bg2 e6 4.O-O Be7 5.c4 O-O 6.d4 b6 7.Nc3 Bb7 8.Ne5 Nbd7
9.Qa4 Nxe5 10.dxe5 Ne4 11.cxd5 Nxc3 12.bxc3 exd5 13.c4 c6 14.cxd5 cxd5 15.
Rd1 Qc7 16.Bb2 Rfd8 17.Qb3 Qc6 18.Rac1 Bc5 19.Rd3 Rd7 20.Rcd1 Rad8 21.e3 
a5 22.a4 Qe6 23.h4 Qg4 24.Bd4 Ba6 25.Bxc5 Bxd3 26.Bxb6 Bc4 27.Qc2 Rb8 28.
Rd4 Qg6 29.Qxg6 hxg6 30.Bxa5 Ra8 31.Bb4 Rxa4 32.Bd6 Ra1+ 33.Kh2 Ra2 34.Rf4
Rd8 35.Bc5 Rc2 36.Bd4 Bd3 37.g4 Rc6 38.Kg3 Ba6 39.Bf3 Rc1 40.Kh2 Bc4 41.
Kg2 Rb8 42.g5 Rbb1 43.Kh2 Rf1 44.Bg2 Rfd1 1/2-1/2

[Event "Vung Tau zt 3.2a"]
[Site "Vung Tau"]
[Date "2000.05.26"]
[Round "6"]
[White "Myo, Naing"]
[Black "Mok, Tze Meng"]
[Result "1-0"]
[WhiteElo "2545"]
[BlackElo "2270"]
[EventDate "2000.05.21"]
[PlyCount "51"]

1.d4 g6 2.c4 Bg7 3.e4 Nc6 4.Be3 d6 5.Nc3 e5 6.d5 Nce7 7.c5 f5 8.cxd6 cxd6 
9.Qa4+ Kf8 10.Qa3 Nf6 11.f3 fxe4 12.fxe4 Ng4 13.Bg5 Bh6 14.Bxh6+ Nxh6 15.
Nb5 Nf7 16.Rc1 a6 17.Nc7 Rb8 18.Nf3 Nc6 19.dxc6 Qxc7 20.Bc4 Kg7 21.Bxf7 
Kxf7 22.O-O Ke8 23.Ng5 bxc6 24.Nf7 Be6 25.Nxh8 Ke7 26.Qf3 1-0

[Event "Vung Tau zt 3.2a"]
[Site "Vung Tau"]
[Date "2000.05.26"]
[Round "6"]
[White "Villamayor, Bong"]
[Black "Dao, Thien Hai"]
[Result "1/2-1/2"]
[WhiteElo "2474"]
[BlackElo "2550"]
[EventDate "2000.05.21"]
[PlyCount "74"]

1.Nf3 d5 2.d4 c6 3.e3 Nf6 4.c4 e6 5.Bd3 Nbd7 6.O-O Bd6 7.Nc3 O-O 8.e4 dxc4
9.Bxc4 e5 10.Bg5 Qe7 11.Re1 Bc7 12.d5 h6 13.Bh4 Rd8 14.dxc6 bxc6 15.Qc2 
Nf8 16.Bg3 Bg4 17.Nh4 Qb4 18.b3 Nh5 19.Nf5 Nxg3 20.hxg3 Ba5 21.Rec1 Qb7 
22.Rab1 Bb6 23.Na4 Rd7 24.Nxb6 axb6 25.Ne3 Bh5 26.a4 Bg6 27.Rd1 Rad8 28.
Rxd7 Rxd7 29.f3 b5 30.axb5 cxb5 31.Bf1 Ne6 32.Rc1 Kh7 33.Kh2 f6 34.Qc8 
Qxc8 35.Rxc8 Rc7 36.Rb8 Rc3 37.Nd5 Rxb3 1/2-1/2

[Event "Vung Tau zt 3.2a"]
[Site "Vung Tau"]
[Date "2000.05.26"]
[Round "6"]
[White "Wo, Dai D"]
[Black "Lioe, Dede"]
[Result "1/2-1/2"]
[WhiteElo "2110"]
[BlackElo "2370"]
[EventDate "2000.05.21"]
[PlyCount "120"]

1.d4 Nf6 2.Nf3 e6 3.Bg5 d5 4.e3 c5 5.c3 Qb6 6.Qb3 Nc6 7.Nbd2 Bd7 8.Be2 h6 
9.Bh4 Qxb3 10.axb3 Ne4 11.Nxe4 dxe4 12.Nd2 cxd4 13.Nxe4 dxe3 14.Rd1 exf2+ 
15.Kxf2 Ne5 16.Bh5 Ng6 17.Bxg6 fxg6 18.Rd4 Be7 19.Bxe7 Kxe7 20.Re1 Raf8+ 
21.Kg1 b6 22.b4 Rc8 23.Nd6 Rc7 24.Nc4 Rf8 25.Rde4 g5 26.Ne5 Rf6 27.Ra1 Be8
28.Rc4 Rb7 29.Rc8 Rf5 30.Re1 Rf6 31.Ra8 Rf5 32.Nf3 Bd7 33.Ne5 Be8 34.Nf3 
Rd5 35.Nd4 Bd7 36.b5 Kd6 37.Ra1 e5 38.Nf3 g4 39.c4 Rd3 40.Ne1 Rb3 41.R8xa7
Rxa7 42.Rxa7 Rxb2 43.Rb7 Bf5 44.Rxb6+ Kc5 45.Rc6+ Kd4 46.Kf1 g6 47.b6 e4 
48.c5 e3 49.Rd6+ Kc4 50.Rd8 h5 51.c6 Rxb6 52.c7 Rc6 53.Nc2 Rxc7 54.Nxe3+ 
Kc5 55.Ke2 Be4 56.Re8 Bb7 57.Re6 Rc6 58.Rxc6+ Bxc6 59.Kf2 Kd4 60.Nf1 Kd3 
1/2-1/2

[Event "Vung Tau zt 3.2a"]
[Site "Vung Tau"]
[Date "2000.05.26"]
[Round "6"]
[White "Wynn, Zaw Htung"]
[Black "Simanjuntak, Sebastian"]
[Result "0-1"]
[WhiteElo "2524"]
[BlackElo "2313"]
[EventDate "2000.05.21"]
[PlyCount "64"]

1.e4 c5 2.Nc3 Nc6 3.f4 e6 4.Nf3 d5 5.Bb5 Nf6 6.Bxc6+ bxc6 7.d3 Ba6 8.e5 
Nd7 9.O-O g6 10.b3 Bg7 11.Kh1 f5 12.exf6 Bxf6 13.Qe1 Qe7 14.Bd2 O-O 15.Qg3
Qg7 16.Qe1 Rae8 17.Rd1 e5 18.fxe5 Nxe5 19.Nxe5 Rxe5 20.Qg3 Rh5 21.Ne2 Bc8 
22.h3 Re8 23.Nf4 Rf5 24.Rde1 Be5 25.Qh4 g5 26.Qh5 Ref8 27.g4 R5f7 28.Rxe5 
Qxe5 29.Re1 Qg7 30.Ng2 Rf1+ 31.Kh2 Qc7+ 32.Bf4 R8xf4 0-1

[Event "Vung Tau zt 3.2a"]
[Site "Vung Tau"]
[Date "2000.05.27"]
[Round "7"]
[White "Bancod, Ronald"]
[Black "Tran, Ngoc Thach"]
[Result "0-1"]
[WhiteElo "2382"]
[BlackElo "2248"]
[EventDate "2000.05.21"]
[PlyCount "86"]

1.d4 Nf6 2.Nf3 b6 3.Bg5 Bb7 4.Nbd2 e6 5.e3 Be7 6.Bd3 h6 7.Bh4 g5 8.Bg3 g4 
9.Nh4 Rg8 10.h3 Nh5 11.hxg4 Nxg3 12.fxg3 Bd6 13.Nf1 Qg5 14.Be2 Nc6 15.Qd2 
Nb4 16.a3 Nd5 17.Bf3 Ba6 18.O-O-O Bxf1 19.Rdxf1 Nxe3 20.Bxa8 Nxf1 21.Rxf1 
Qxd2+ 22.Kxd2 Bxg3 23.Nf3 c6 24.c4 Rxg4 25.Kd3 Ke7 26.Rh1 Bd6 27.Ne1 Rg3+ 
28.Kc2 Rg4 29.Kc3 Bf4 30.d5 Kd6 31.Nd3 Be3 32.dxc6 dxc6 33.Bxc6 Bd4+ 34.
Kb3 Kxc6 35.Rxh6 Rxg2 36.Rh7 Bg7 37.Ka4 Rg4 38.b4 f5 39.b5+ Kd6 40.Kb4 Rg3
41.a4 Bd4 42.c5+ bxc5+ 43.Kc4 Bg7 0-1

[Event "Vung Tau zt 3.2a"]
[Site "Vung Tau"]
[Date "2000.05.27"]
[Round "7"]
[White "Dao, Thien Hai"]
[Black "Roca, Petronio"]
[Result "1/2-1/2"]
[WhiteElo "2550"]
[BlackElo "2362"]
[EventDate "2000.05.21"]
[PlyCount "43"]

1.d4 Nf6 2.c4 e6 3.Nc3 Bb4 4.a3 Bxc3+ 5.bxc3 c5 6.f3 d6 7.e4 e5 8.Bd3 Nc6 
9.Ne2 h6 10.O-O g5 11.Be3 b6 12.Ng3 Na5 13.Nf5 Qc7 14.Rb1 Bd7 15.Ng7+ Kf8 
16.Nf5 Rc8 17.h4 Bxf5 18.exf5 Nh5 19.Re1 f6 20.g4 Nf4 21.Bxf4 gxf4 22.d5 
1/2-1/2

[Event "Vung Tau zt 3.2a"]
[Site "Vung Tau"]
[Date "2000.05.27"]
[Round "7"]
[White "Hoang, Thanh Trang"]
[Black "Adianto, Utut"]
[Result "0-1"]
[WhiteElo "2448"]
[BlackElo "2584"]
[EventDate "2000.05.21"]
[PlyCount "92"]

1.d4 d5 2.c4 dxc4 3.e3 Nf6 4.Bxc4 a6 5.Nf3 b5 6.Be2 Bb7 7.O-O e6 8.a4 b4 
9.Nbd2 Nbd7 10.b3 Be7 11.Bb2 O-O 12.Nc4 c5 13.Nfe5 Bd5 14.Rc1 cxd4 15.Bxd4
Nc5 16.f3 Rc8 17.Qc2 Qc7 18.Rfd1 a5 19.e4 Bb7 20.Nd3 Nxd3 21.Bxd3 Rfd8 22.
Bf2 Nd7 23.Qb1 Bc5 24.Bxc5 Qxc5+ 25.Kh1 Ba6 26.e5 Bxc4 27.Rxc4 Qe7 28.
Bxh7+ Kh8 29.Rxc8 Rxc8 30.Bd3 Nxe5 31.Bb5 Qg5 32.Qe4 Rc1 33.Rf1 Rxf1+ 34.
Bxf1 Qc1 35.Qh4+ Kg8 36.Qd8+ Kh7 37.Qh4+ Kg6 38.Qg3+ Kf6 39.Qf2 g6 40.Kg1 
Qc3 41.f4 Nc6 42.Bc4 Nd4 43.h3 Nf5 44.Kh2 Ne3 45.Qh4+ Kg7 46.Bxe6 Qd2 0-1

[Event "Vung Tau zt 3.2a"]
[Site "Vung Tau"]
[Date "2000.05.27"]
[Round "7"]
[White "Jiravorasuk, Banjuab"]
[Black "Pham, Minh Hoang"]
[Result "1-0"]
[WhiteElo "2210"]
[BlackElo "2397"]
[EventDate "2000.05.21"]
[PlyCount "75"]

1.e4 c6 2.d4 d5 3.Nc3 g6 4.Nf3 Bg4 5.exd5 cxd5 6.h3 Bxf3 7.Qxf3 Nc6 8.Bb5 
e6 9.O-O Bg7 10.Ne2 Ne7 11.c3 O-O 12.h4 a6 13.Ba4 b5 14.Bc2 Rc8 15.Rd1 h5 
16.a3 a5 17.Bg5 Qc7 18.Rac1 b4 19.axb4 axb4 20.Bf6 bxc3 21.bxc3 Bh6 22.Rb1
Ra8 23.g4 hxg4 24.Qxg4 Nf5 25.h5 Kh7 26.Kh1 Bg7 27.Nf4 Bxf6 28.hxg6+ Kg8 
29.Bxf5 exf5 30.gxf7+ Kxf7 31.Qg6+ Ke7 32.Nxd5+ Kd6 33.Qg3+ Kxd5 34.Qxc7 
Rh8+ 35.Kg2 Rag8+ 36.Kf1 Rh1+ 37.Ke2 Re8+ 38.Kf3 1-0

[Event "Vung Tau zt 3.2a"]
[Site "Vung Tau"]
[Date "2000.05.27"]
[Round "7"]
[White "Nolte, Rolando"]
[Black "Wynn, Zaw Htung"]
[Result "1/2-1/2"]
[WhiteElo "2365"]
[BlackElo "2524"]
[EventDate "2000.05.21"]
[PlyCount "83"]

1.Nf3 Nf6 2.c4 d6 3.Nc3 g6 4.d4 Bg7 5.e4 O-O 6.h3 Na6 7.Be3 c5 8.d5 Nc7 9.
Bd3 e6 10.O-O exd5 11.exd5 b5 12.Qd2 bxc4 13.Bxc4 Rb8 14.b3 Ba6 15.Bh6 
Bxc4 16.bxc4 Re8 17.Rab1 Qd7 18.Bxg7 Kxg7 19.Qc2 Rb4 20.Nd2 Reb8 21.a3 
Rxb1 22.Rxb1 Qe8 23.Rxb8 Qxb8 24.Nce4 Nce8 25.Qc3 Qd8 26.h4 h5 27.g3 Qe7 
28.f3 Kg8 29.Kf2 Nd7 30.Ng5 Ne5 31.Kg2 Ng7 32.Nge4 Nf5 33.Ng5 Nd4 34.Qe3 
Nf5 35.Qe2 Kg7 36.f4 Nd7 37.Qxe7 Nxe7 38.Kf3 Nf5 39.a4 Kf8 40.a5 Ke7 41.
Nge4 a6 42.Nb3 1/2-1/2

[Event "Vung Tau zt 3.2a"]
[Site "Vung Tau"]
[Date "2000.05.27"]
[Round "7"]
[White "Simanjuntak, Sebastian"]
[Black "Antonio, Rogelio Jr"]
[Result "0-1"]
[WhiteElo "2313"]
[BlackElo "2551"]
[EventDate "2000.05.21"]
[PlyCount "94"]

1.d4 Nf6 2.Nf3 e6 3.c4 Bb4+ 4.Bd2 Qe7 5.g3 Nc6 6.Bg2 Bxd2+ 7.Qxd2 Ne4 8.
Qc2 Qb4+ 9.Nc3 Nxc3 10.Qxc3 Qxc3+ 11.bxc3 d6 12.Rb1 Na5 13.Nd2 Rb8 14.Be4 
b6 15.Bd3 c5 16.O-O Ba6 17.d5 Kd7 18.e4 Rbe8 19.Rfe1 Kc7 20.Bf1 Re7 21.f4 
Rhe8 22.Kf2 g6 23.e5 exd5 24.cxd5 Bxf1 25.Ne4 Nc4 26.Kxf1 dxe5 27.d6+ Nxd6
28.Nf6 e4 29.Rbd1 Kc6 30.Nxe8 Rxe8 31.Ke2 Nc4 32.Rf1 f5 33.h3 b5 34.g4 Nb6
35.Rc1 c4 36.gxf5 gxf5 37.Rg1 Nd5 38.Rg5 Nxf4+ 39.Ke3 Nd3 40.Rb1 f4+ 41.
Kd4 e3 42.Rgxb5 e2 43.Ra5 Rd8+ 44.Kxc4 Nb2+ 45.Kb3 Nd1 46.Re5 f3 47.Kc4 f2
0-1

[Event "Vung Tau zt 3.2a"]
[Site "Vung Tau"]
[Date "2000.05.27"]
[Round "7"]
[White "Tu, Hoang Thai"]
[Black "Myo, Naing"]
[Result "1/2-1/2"]
[WhiteElo "2269"]
[BlackElo "2545"]
[EventDate "2000.05.21"]
[PlyCount "64"]

1.d4 d5 2.Nf3 Nf6 3.c4 c6 4.Nbd2 Bf5 5.g3 e6 6.Bg2 h6 7.O-O Nbd7 8.b3 Be7 
9.Bb2 O-O 10.Rc1 Rc8 11.e3 Re8 12.Qe2 Qa5 13.a3 Qa6 14.Rfd1 Ne4 15.Nb1 Bf6
16.Ne5 Bxe5 17.dxe5 Nb6 18.Bxe4 Bxe4 19.Nc3 Bg6 20.cxd5 Qxe2 21.Nxe2 cxd5 
22.Nd4 a6 23.f4 Nd7 24.Rxc8 Rxc8 25.Rc1 Rxc1+ 26.Bxc1 b5 27.Bd2 Kf8 28.
Bb4+ Ke8 29.Bd6 Nb6 30.Kf2 Be4 31.Ke2 Nc8 32.Bb4 Kd7 1/2-1/2

[Event "Vung Tau zt 3.2a"]
[Site "Vung Tau"]
[Date "2000.05.28"]
[Round "8"]
[White "Bancod, Ronald"]
[Black "Ismail, Ahmad"]
[Result "1-0"]
[WhiteElo "2382"]
[BlackElo "2072"]
[EventDate "2000.05.21"]
[PlyCount "81"]

1.d4 d5 2.Nf3 Nf6 3.g3 e6 4.Bg2 Be7 5.O-O O-O 6.c4 c5 7.dxc5 Bxc5 8.Qc2 d4
9.Ne5 Bd6 10.Nd3 e5 11.e4 Nc6 12.c5 Bc7 13.b4 Be6 14.a3 a6 15.Nd2 Nd7 16.
Nc4 f5 17.f4 fxe4 18.Bxe4 Bh3 19.Re1 Qf6 20.Nd6 Bxd6 21.cxd6 Qxd6 22.Bd2 
Qf6 23.Rac1 Rac8 24.Qb1 Kh8 25.b5 axb5 26.Qxb5 Bf5 27.Qxb7 Bxe4 28.Rxe4 
Qf5 29.Nf2 Ne7 30.Rxc8 Rxc8 31.Bb4 Rc1+ 32.Kg2 Ng8 33.fxe5 Nxe5 34.Rxd4 
Qb1 35.h3 Rc2 36.Qd5 Qb2 37.Rf4 h6 38.Rf8 Rxf2+ 39.Rxf2 Qa1 40.Rf8 Qb2+ 
41.Bd2 1-0

[Event "Vung Tau zt 3.2a"]
[Site "Vung Tau"]
[Date "2000.05.28"]
[Round "8"]
[White "Barus, Cerdas"]
[Black "Mascarinas, Rico"]
[Result "1/2-1/2"]
[WhiteElo "2445"]
[BlackElo "2415"]
[EventDate "2000.05.21"]
[PlyCount "144"]

1.d4 Nf6 2.c4 e6 3.Nf3 c5 4.d5 exd5 5.cxd5 d6 6.Nc3 g6 7.e4 a6 8.h3 b5 9.
Bd3 Bg7 10.O-O O-O 11.a3 Nbd7 12.Re1 Bb7 13.Bc2 Re8 14.Bf4 Qb6 15.Qd2 Rad8
16.Bg5 Rc8 17.Rac1 c4 18.Be3 Nc5 19.Bd4 Qd8 20.Rcd1 Nfd7 21.Re2 Qe7 22.
Rde1 Bxd4 23.Qxd4 f6 24.Rf1 Qd8 25.Nh2 Rf8 26.Re3 Qb6 27.Qd2 Rce8 28.Rg3 
Ne5 29.h4 Kh8 30.Kh1 Qc7 31.Qd4 Qg7 32.f4 Nf7 33.Kg1 Bc8 34.Nd1 Re7 35.Nf2
Rfe8 36.Nf3 Nd7 37.h5 g5 38.h6 Nxh6 39.fxg5 fxg5 40.Rxg5 Qxd4 41.Nxd4 Nc5 
42.Nc6 Rg7 43.Rxg7 Kxg7 44.a4 Bd7 45.axb5 axb5 46.Nd4 b4 47.b3 c3 48.Nd3 
Nxd3 49.Bxd3 Ng4 50.Nc2 Ne5 51.Be2 Rb8 52.Kf2 Be8 53.Ra1 Nd7 54.Ra4 Nc5 
55.Rxb4 Rxb4 56.Nxb4 Bg6 57.Ke3 Bxe4 58.Bd1 Bxg2 59.Kd4 c2 60.Nxc2 Nxb3+ 
61.Kc3 Nc5 62.Ne3 Be4 63.Nc4 Bxd5 64.Nxd6 Na6 65.Kd3 Kf6 66.Ke3 h6 67.Be2 
Nb8 68.Bf3 Be6 69.Bh5 Kg5 70.Be8 Kg4 71.Nf7 h5 72.Ne5+ Kg5 1/2-1/2

[Event "Vung Tau zt 3.2a"]
[Site "Vung Tau"]
[Date "2000.05.28"]
[Round "8"]
[White "Bitoon, Richard"]
[Black "Tu, Hoang Thai"]
[Result "1-0"]
[WhiteElo "2436"]
[BlackElo "2269"]
[EventDate "2000.05.21"]
[PlyCount "133"]

1.e4 c5 2.Nf3 a6 3.Nc3 d6 4.d4 cxd4 5.Nxd4 e5 6.Nde2 Nf6 7.g3 Be7 8.Bg2 
O-O 9.a4 b6 10.h3 Bb7 11.O-O Nbd7 12.g4 Nc5 13.Ng3 Ne6 14.Be3 g6 15.Qd2 
Rc8 16.Rad1 Qc7 17.g5 Nd7 18.h4 Rfe8 19.Bh3 Bf8 20.h5 Rcd8 21.Bg4 Qc4 22.
hxg6 hxg6 23.Nd5 Bxd5 24.Be2 Qxa4 25.exd5 Nd4 26.c3 Nxe2+ 27.Qxe2 Qh4 28.
Kg2 b5 29.b3 Qh8 30.Rh1 Qg7 31.Rh3 f5 32.gxf6 Nxf6 33.Bg5 e4 34.Rdh1 Re5 
35.Rh8+ Kf7 36.Bxf6 Qxf6 37.R1h7+ Bg7 38.Rxd8 Qxd8 39.Nxe4 Qe7 40.f3 Rxd5 
41.c4 Re5 42.Qa2 Kg8 43.Rh3 bxc4 44.bxc4 a5 45.Rg3 Qe6 46.Qb3 Rf5 47.Qb8+ 
Bf8 48.Qa8 Kg7 49.Qb7+ Qf7 50.Qa6 Qe6 51.Rg4 Qe5 52.Qb6 Be7 53.c5 Qd4 54.
Qb7 Rf7 55.cxd6 Qe3 56.Qb2+ Bf6 57.Qc2 Bd4 58.Ng5 Qg1+ 59.Kh3 Qh1+ 60.Kg3 
Qe1+ 61.Kh2 Be5+ 62.Kg2 Qc3 63.Qxc3 Bxc3 64.Nxf7 Kxf7 65.Re4 Bb4 66.d7 Be7
67.Kf1 1-0

[Event "Vung Tau zt 3.2a"]
[Site "Vung Tau"]
[Date "2000.05.28"]
[Round "8"]
[White "Roca, Petronio"]
[Black "Hoang, Thanh Trang"]
[Result "1/2-1/2"]
[WhiteElo "2362"]
[BlackElo "2448"]
[EventDate "2000.05.21"]
[PlyCount "74"]

1.d4 f5 2.Nf3 g6 3.g3 Bg7 4.c3 Nf6 5.Bg2 O-O 6.Nbd2 Nc6 7.b4 e6 8.O-O d5 
9.b5 Ne7 10.a4 a6 11.Ba3 Re8 12.Qb3 Ne4 13.e3 Nd6 14.c4 dxc4 15.Nxc4 Nd5 
16.Nfe5 Nxc4 17.Qxc4 Bxe5 18.dxe5 b6 19.e4 fxe4 20.Bxe4 Bb7 21.h4 axb5 22.
axb5 Qd7 23.Bb2 c5 24.bxc6 Qxc6 25.Qxc6 Bxc6 26.Rfc1 Rxa1 27.Bxa1 Bb7 28.
Bd3 Ra8 29.Rb1 Ba6 30.Be4 Bc4 31.Bd4 b5 32.Ra1 Rxa1+ 33.Bxa1 b4 34.f4 b3 
35.Kf2 Nb4 36.Bc3 Nd3+ 37.Ke3 b2 1/2-1/2

[Event "Vung Tau zt 3.2a"]
[Site "Vung Tau"]
[Date "2000.05.28"]
[Round "8"]
[White "Sharavdorj, Dashzeveg"]
[Black "Myo, Naing"]
[Result "1/2-1/2"]
[WhiteElo "2473"]
[BlackElo "2545"]
[EventDate "2000.05.21"]
[PlyCount "91"]

1.d4 d5 2.c4 c6 3.Nf3 Nf6 4.Nc3 dxc4 5.a4 Bf5 6.Ne5 Nbd7 7.Nxc4 Qc7 8.g3 
e5 9.dxe5 Nxe5 10.Bf4 Rd8 11.Qc1 Bd6 12.Nxd6+ Qxd6 13.Bg2 O-O 14.O-O a5 
15.Qe3 Nfg4 16.Qb6 Qb4 17.Qxb4 axb4 18.Na2 Ng6 19.h3 Nxf4 20.gxf4 Nf6 21.
Nxb4 Rd2 22.Rfe1 Rxb2 23.Nd3 Bxd3 24.exd3 Ra8 25.Re7 Kf8 26.Rc7 Rd8 27.Re1
Ne8 28.Rce7 Nd6 29.R7e5 Ra2 30.Ra5 Re8 31.Re3 Ra3 32.Ra7 Rxe3 33.fxe3 Rxd3
34.e4 Rb3 35.a5 Rb4 36.e5 Ne8 37.f5 Rb1+ 38.Kh2 Rb5 39.a6 bxa6 40.e6 fxe6 
41.fxe6 Re5 42.Rf7+ Kg8 43.Re7 Nd6 44.Bxc6 Kf8 45.Ra7 Rxe6 46.Rxa6 1/2-1/2

[Event "Vung Tau zt 3.2a"]
[Site "Vung Tau"]
[Date "2000.05.28"]
[Round "8"]
[White "Wo, Dai D"]
[Black "Nolte, Rolando"]
[Result "1/2-1/2"]
[WhiteElo "2110"]
[BlackElo "2365"]
[EventDate "2000.05.21"]
[PlyCount "164"]

1.Nf3 Nf6 2.c4 g6 3.Nc3 d5 4.cxd5 Nxd5 5.e4 Nxc3 6.dxc3 Qxd1+ 7.Kxd1 Nd7 
8.Bf4 c6 9.a4 Nc5 10.Nd2 Bg7 11.Be3 Ne6 12.a5 O-O 13.Kc2 f5 14.f3 Nc7 15.
Bc5 Re8 16.Bc4+ Be6 17.Rae1 f4 18.g4 Bxc4 19.Nxc4 Ne6 20.b4 a6 21.Rb1 Kf7 
22.h4 Rad8 23.Bb6 Rd7 24.Rbd1 Rxd1 25.Rxd1 Rb8 26.e5 Nf8 27.Kd3 Ke6 28.Ke4
Nd7 29.Kxf4 Rf8+ 30.Kg3 Nxe5 31.Nd2 Nd7 32.Ne4 Be5+ 33.Kg2 h6 34.Be3 Bf4 
35.Bxf4 Rxf4 36.Kg3 Rf8 37.f4 Rb8 38.Kf3 Nf6 39.Nc5+ Kf7 40.c4 Ke8 41.g5 
hxg5 42.hxg5 Nh7 43.Rd7 b6 44.axb6 Rxb6 45.Rb7 Rxb7 46.Nxb7 Nf8 47.Nc5 Nd7
48.Nxa6 Nb6 49.Nc7+ Kd7 50.c5 Nc4 51.Na8 Ke6 52.Nb6 Na3 53.Ke4 Nc2 54.b5 
cxb5 55.c6 Kd6 56.Nc8+ Kxc6 57.Nxe7+ Kd6 58.Nxg6 b4 59.Ne5 Na3 60.Nd3 b3 
61.f5 Ke7 62.f6+ Kf8 63.Kf5 Nb5 64.g6 Nd4+ 65.Kg5 Ne6+ 66.Kh6 Kg8 67.g7 
Nd8 68.Kg6 Nf7 69.Kf5 Nh6+ 70.Ke6 Nf7 71.Ke7 Nh6 72.Ke8 Nf7 73.Ke7 Nh6 74.
Ke6 Nf7 75.Nb2 Nd8+ 76.Ke7 Nf7 77.Nc4 Nh6 78.Ke6 Nf7 79.Kd5 Nh6 80.Ke5 
Nf7+ 81.Kf4 Nh6 82.Kg5 Kh7 1/2-1/2